LEADER 01159nam a22002533i 4500 001 991000651109707536 005 20040119181815.0 008 040220s1992 it |||||||||||||||||ita 020 $a8838702314 035 $ab12649880-39ule_inst 035 $aARCHE-064823$9ExL 040 $aDip.to Scienze pedagogiche$bita$cA.t.i. Arché s.c.r.l. Pandora Sicilia s.r.l. 082 04$a371.4 110 2 $aIstituto per lo sviluppo della formazione professionale dei lavoratori$0423065 245 10$aRapporto ISFOL sulle attività di orientamento realizzate da Ministero del lavoro, Ministero della pubblica istruzione, Regioni :$bmateriali 1991 260 $aRimini :$bMaggioli,$c[1992] 300 $a530 p. ;$c24 cm 440 0$aScuola lavoro ;$v23 907 $a.b12649880$b02-04-14$c17-03-04 912 $a991000651109707536 945 $aLE022 MP 65 E 17$g1$i2022000031271$lle022$o-$pE0.00$q-$rl$s- $t0$u1$v1$w1$x0$y.i13155404$z17-03-04 996 $aRapporto ISFOL sulle attività di orientamento realizzate da Ministero del lavoro, Ministero della pubblica istruzione, Regioni$9275436 997 $aUNISALENTO 998 $ale022$b17-03-04$cm$da $e-$fita$git $h0$i1